=LDR 00000nam 2200000 4500 =001 INLIS000000000001403 =005 20130612085817 =008 ***********************************Ind** =035 ##$$0010-061300000001403 =041 ##$$a Ind =082 ##$$a 028.55 =090 ##$$a 028.55, Kur-m =100 ##$$a KURNIAWAN, Donny =245 ##$$a Mimin sayang, selamat tinggal, Donny Kurniawan =260 ##$$a 2000 $b Yogyakarta =300 ##$$a 22 hlm, ilus, 19 cm =650 ##$$a Bacaan Kanak-kanak =850 ##$$a NBPNMAT